000
00331nam a22001457a 4500
008
210512b ||||| |||| 00| 0 eng d
020
_a
9781133187899
041
_a
eng
080
_2
9th
_a
721.053
082
_a
721.053
100
_a
62
101
_a
AUD
245
_a
Contemporary Auditing
_c
Michael C. Knapp
942
_2
udc
_c
BK
999
_c
57282
_d
57282